Jurassic World Evolution 3 All Species - Statistics

General Stats
  • This quiz has been taken 128 times
    21 since last reset
  • The average score is 65 of 98
Answer Stats
Answer % Correct
Allosaurus
100%
Ankylosaurus
100%
Baryonyx
100%
Brachiosaurus
100%
Diplodocus
100%
Iguanodon
100%
Mamenchisaurus
100%
Megalodon
100%
Mosasaurus
100%
Parasaurolophus
100%
Pteranodon
100%
Quetzalcoatlus
100%
Spinosaurus
100%
Tyrannosaurus
100%
Velociraptor
100%
Albertosaurus
80%
Ankylodocus
80%
Apatosaurus
80%
Carnotaurus
80%
Compsognathus
80%
Deinocheirus
80%
Dimetrodon
80%
Dimorphodon
80%
Gallimimus
80%
Giganotosaurus
80%
Ichthyosaurus
80%
Indominus Rex
80%
Indoraptor
80%
Kentrosaurus
80%
Kronosaurus
80%
Muttaburrasaurus
80%
Oviraptor
80%
Pachycephalosaurus
80%
Plesiosaurus
80%
Pyroraptor
80%
Spinoceratops
80%
Spinoraptor
80%
Stegosaurus
80%
Struthiomimus
80%
Suchomimus
80%
Tapejara
80%
Triceratops
80%
Utahraptor
80%
Acrocanthosaurus
60%
Archaeornithomimus
60%
Attenborosaurus
60%
Austroraptor
60%
Ceratosaurus
60%
Corythosaurus
60%
Deinonychus
60%
Dilophosaurus
60%
Dreadnoughtus
60%
Dunkleosteus
60%
Edmontosaurus
60%
Geosternbergia
60%
Homalocephale
60%
Hypsilophodon
60%
Irritator
60%
Lystrosaurus
60%
Maiasaura
60%
Microceratus
60%
Moros Intrepidus
60%
Nasutoceratops
60%
Nodosaurus
60%
Olorotitan
60%
Patagotitan
60%
Proceratosaurus
60%
Protoceratops
60%
Psittacosaurus
60%
Sauropelta
60%
Scorpios Rex
60%
Sinoceratops
60%
Stygimoloch
60%
Styracosaurus
60%
Tropeognathus
60%
Tsintaosaurus
60%
Yutyrannus
60%
Amargasaurus
40%
Atrociraptor
40%
Chasmosaurus
40%
Chungkingosaurus
40%
Coelophysis
40%
Cryolophosaurus
40%
Dryosaurus
40%
Gigantspinosaurus
40%
Herrerasaurus
40%
Majungasaurus
40%
Metriacanthosaurus
40%
Ornithomimus
40%
Therizinosaurus
40%
Troodon
40%
Caiuajara
20%
Concavenator
20%
Guanlong
20%
Lokiceratops
20%
Qianzhousaurus
20%
Stegoceratops
20%
Thanatosdrakon
20%
No matching quizzes found
Score Distribution
Percent of People with Each Score
Percentile by Number Answered
Your Score History
You have not taken this quiz since the last reset